000
00277nam a2200121Ia 4500
008
250224s9999 xx 000 0 und d
020
_a
1844222810
082
_a
J428.6HOR
100
_a
Horsley, Lorraine
245
0
_a
Innosaurs
942
_c
JBK
999
_c
445745
_d
445745